[Event "2BLN 2324 SC Rotation Pankow - FC St. Pa"]
[Site "?"]
[Date "2023.10.22"]
[Round "2.5"]
[White "Krause, Jonah"]
[Black "Neumeier, Lars"]
[Result "1-0"]
[WhiteElo "2366"]
[BlackElo "2312"]
[PlyCount "87"]
[EventDate "2023.??.??"]

1. d4 Nf6 2. c4 c5 3. d5 b5 4. cxb5 a6 5. bxa6 Bxa6 6. Nc3 g6 7. e4 Bxf1 8. Kxf1 d6 9. Nf3 Bg7 10. g3 O-O 11. Kg2 Nbd7 12. a4 Ng4 13. Qe2 Nb6 14. Ra3 Ne5 15. Nd2 Ra5 16. b3 e6 17. f4 Ned7 18. dxe6 fxe6 19. Nb5 Qe7 20. Nf3 d5 21. Rd1 d4 22. e5 Nd5 23. Bd2 Raa8 24. h4 Rfb8 25. Raa1 N7b6 26. Ng5 Nc7 27. Kh2 Nxb5 28. axb5 Nd5 29. Qc4 Bf8 30. Ra6 Nc7 31. Ra4 Nd5 32. Qd3 Qd7 33. Ne4 Kg7 34. Rc1 Rxa4 35. bxa4 Rc8 36. a5 c4 37. Rxc4 Qxb5 38. Rxd4 Qb2 39. Ng5 Rc3 40. Nxe6+ Kg8 41. Qe4 Ne3 42. Qa8 Nf1+ 43. Kg2 Rxg3+ 44. Kf2 1-0

[Event "2BLN 2324 SC Rotation Pankow - FC St. Pa"]
[Site "?"]
[Date "2023.10.22"]
[Round "2.6"]
[White "Seils, Joerg"]
[Black "Ertan, Can"]
[Result "0-1"]
[WhiteElo "2315"]
[BlackElo "2353"]
[PlyCount "86"]
[EventDate "2023.??.??"]

1. e4 e5 2. Nf3 Nc6 3. Bc4 Bc5 4. c3 Nf6 5. d3 d6 6. O-O a5 7. d4 Ba7 8. dxe5 dxe5 9. Qe2 O-O 10. h3 Nh5 11. Na3 Ng3 12. Qc2 Nxf1 13. Bxf1 h6 14. Nb5 Bb6 15. Bd3 Qf6 16. Qe2 Ne7 17. Na3 Ng6 18. Nc4 Bc5 19. Be3 Bxe3 20. fxe3 b5 21. Ncd2 Qb6 22. Kh1 Be6 23. Nf1 b4 24. c4 Rfd8 25. Rc1 Qc5 26. Bb1 a4 27. Kh2 Ne7 28. Ng3 g6 29. Ne1 Nc6 30. Nd3 Qe7 31. Nf1 Rd7 32. Nd2 Rad8 33. Nf3 f5 34. Nf2 f4 35. Nd3 Bf7 36. exf4 exf4 37. e5 Nd4 38. Qe4 Kg7 39. Nxf4 Nxf3+ 40. gxf3 Rd2+ 41. Ne2 Qg5 42. Rg1 Rxe2+ 43. Qxe2 Qf4+ 0-1

[Event "2BLN 2324 SC Rotation Pankow - FC St. Pa"]
[Site "?"]
[Date "2023.10.22"]
[Round "2.7"]
[White "Sawatzki, Frank"]
[Black "Guth, Thomas"]
[Result "1/2-1/2"]
[WhiteElo "2354"]
[BlackElo "2232"]
[PlyCount "48"]
[EventDate "2023.??.??"]

1. e4 e6 2. d4 d5 3. Nc3 Bb4 4. e5 Ne7 5. a3 Bxc3+ 6. bxc3 c5 7. Qg4 cxd4 8. cxd4 Qc7 9. Kd1 Nbc6 10. Nf3 Bd7 11. Bd3 O-O-O 12. Re1 h5 13. Qf4 Nf5 14. Rb1 Rhg8 15. h4 Nce7 16. Qd2 Kb8 17. Qb4 Nc6 18. Qb2 Na5 19. Bf4 g6 20. g3 Rc8 21. Qb4 Nc6 22. Qb2 Na5 23. Qb4 Nc6 24. Qb2 Na5 1/2-1/2

[Event "2BLN 2324 SC Rotation Pankow - FC St. Pa"]
[Site "?"]
[Date "2023.10.22"]
[Round "2.8"]
[White "Daum, Norman"]
[Black "Mueller, Fabian"]
[Result "0-1"]
[WhiteElo "2152"]
[BlackElo "2309"]
[PlyCount "50"]
[EventDate "2023.??.??"]

1. e4 c5 2. Nc3 Nc6 3. f4 e6 4. Nf3 d5 5. Bb5 Nge7 6. exd5 exd5 7. Qe2 f6 8. d4 c4 9. b3 Kf7 10. bxc4 Nf5 11. Bxc6 bxc6 12. cxd5 Bb4 13. Qc4 Qa5 14. Bd2 Re8+ 15. Kf2 Nd6 16. Qxc6 Bb7 17. a3 Bxc6 18. axb4 Qxb4 19. dxc6 Qc4 20. d5 Qc5+ 21. Kg3 Re4 22. Rhb1 Rc4 23. Nd1 Qxd5 24. Be3 Ne4+ 25. Kg4 h5+ 0-1

[Event "2BLN 2324 SK Doppelbauer Turm Kiel II -"]
[Site "?"]
[Date "2023.10.22"]
[Round "2.1"]
[White "Kanarek, Marcel"]
[Black "Olsen, Filip Boe"]
[Result "0-1"]
[WhiteElo "2503"]
[BlackElo "2423"]
[PlyCount "80"]
[EventDate "2023.??.??"]

1. e4 c5 2. Nf3 d6 3. d4 cxd4 4. Nxd4 Nf6 5. Nc3 a6 6. Rg1 e5 7. Nb3 h5 8. Bg5 Be6 9. Qd2 Nbd7 10. O-O-O b5 11. Bd3 Be7 12. f4 Nb6 13. Kb1 b4 14. Nd5 Bxd5 15. exd5 e4 16. Bxf6 Bxf6 17. Qe2 Na4 18. Qxe4+ Kf8 19. Nd4 Qb6 20. Bc4 Re8 21. Qd3 Nc5 22. Qf1 Re4 23. Nc6 Na4 24. Re1 Rxe1+ 25. Qxe1 Nxb2 26. Bb3 a5 27. Ne5 dxe5 28. fxe5 Bxe5 29. Qxe5 Nd3 30. cxd3 Qxg1+ 31. Kb2 Qf2+ 32. Bc2 Qf6 33. d4 Qxe5 34. dxe5 f6 35. exf6 gxf6 36. Kb3 Ke7 37. Ka4 Kd6 38. Be4 Kc5 39. Bf3 Re8 40. Kb3 h4 0-1

[Event "2BLN 2324 SK Doppelbauer Turm Kiel II -"]
[Site "?"]
[Date "2023.10.22"]
[Round "2.2"]
[White "Parvanyan, Ashot"]
[Black "Pacan-Milej, Kosma"]
[Result "0-1"]
[WhiteElo "2409"]
[BlackElo "2412"]
[PlyCount "74"]
[EventDate "2023.??.??"]

1. Nf3 Nf6 2. c4 g6 3. Nc3 Bg7 4. e4 d6 5. d4 O-O 6. h3 e5 7. d5 a5 8. g4 Na6 9. Be3 Nc5 10. Nd2 c6 11. Be2 cxd5 12. cxd5 Bd7 13. a4 Ne8 14. h4 Rc8 15. f3 Bf6 16. Bf2 Be7 17. Kf1 f5 18. Kg2 fxg4 19. fxg4 Rxf2+ 20. Kxf2 Bxh4+ 21. Kg2 Qg5 22. Nc4 Nf6 23. Qc1 Ncxe4 24. Qxg5 Bxg5 25. Nxe4 Nxe4 26. Ra3 Bxg4 27. Bxg4 Rxc4 28. Re1 Nc5 29. Bf3 e4 30. Bg4 Nd3 31. Be6+ Kg7 32. Rf1 Rc2+ 33. Kg1 Bf6 34. Rb3 Nc5 35. Rg3 Rxb2 36. Rg4 e3 37. Re1 Nd3 0-1

[Event "2BLN 2324 SK Doppelbauer Turm Kiel II -"]
[Site "?"]
[Date "2023.10.22"]
[Round "2.3"]
[White "Sieciechowicz, Marcin"]
[Black "Barseghyan, Armen Ar."]
[Result "1-0"]
[WhiteElo "2398"]
[BlackElo "2342"]
[PlyCount "69"]
[EventDate "2023.??.??"]

1. d4 Nf6 2. c4 e6 3. Nc3 d5 4. cxd5 Nxd5 5. e4 Nxc3 6. bxc3 c5 7. Rb1 cxd4 8. cxd4 Be7 9. Nf3 O-O 10. h4 b6 11. h5 h6 12. Rh3 Kh8 13. Rg3 Bb7 14. Bd3 Nd7 15. Qe2 Rc8 16. Kf1 Rc3 17. Bxh6 Bf6 18. Bg5 Bxg5 19. Nxg5 e5 20. Kg1 exd4 21. Qg4 Nf6 22. Qf4 Qe7 23. e5 Nxh5 24. Rh3 g6 25. Ne4 Bxe4 26. Rxh5+ gxh5 27. Qh6+ Kg8 28. Bxe4 f5 29. Bd5+ Rf7 30. Qg6+ Kf8 31. Qh6+ Ke8 32. Qxh5 Rc5 33. Bb3 Rxe5 34. Bxf7+ Kd7 35. Bc4 1-0

[Event "2BLN 2324 SK Doppelbauer Turm Kiel II -"]
[Site "?"]
[Date "2023.10.22"]
[Round "2.4"]
[White "Arndt, Magnus"]
[Black "Steczek, Marcin"]
[Result "1-0"]
[WhiteElo "2401"]
[BlackElo "2346"]
[PlyCount "51"]
[EventDate "2023.??.??"]

1. e4 c6 2. Nf3 d5 3. d3 dxe4 4. dxe4 Qxd1+ 5. Kxd1 Bg4 6. Be2 Nd7 7. Nfd2 Bxe2+ 8. Kxe2 Ngf6 9. f3 g5 10. Nb3 Rg8 11. Be3 e6 12. a4 Ne5 13. N1d2 Nfd7 14. a5 Be7 15. h3 h5 16. g3 Ng6 17. f4 gxf4 18. gxf4 O-O-O 19. Rhg1 c5 20. Nf3 Bd6 21. e5 Bb8 22. Ng5 b6 23. axb6 axb6 24. Nd2 f6 25. Nf7 Rdf8 26. Nh6 1-0

[Event "2BLN 2324 SK Doppelbauer Turm Kiel II -"]
[Site "?"]
[Date "2023.10.22"]
[Round "2.5"]
[White "Maciejczak, Jakub"]
[Black "Kopylov, Daniel"]
[Result "1/2-1/2"]
[WhiteElo "2359"]
[BlackElo "2317"]
[PlyCount "63"]
[EventDate "2023.??.??"]

1. e4 e5 2. Nf3 Nf6 3. d4 Nxe4 4. Bd3 d5 5. dxe5 Nc5 6. O-O Be7 7. Nc3 c6 8. Ne2 O-O 9. Ng3 Nbd7 10. c3 Nxd3 11. Qxd3 f6 12. exf6 Bxf6 13. Be3 b6 14. Rfe1 Nc5 15. Qc2 Qc7 16. Bd4 Bg4 17. Ne5 Bd7 18. Nh5 Ne4 19. Nxf6+ Nxf6 20. f3 Rae8 21. Qd2 c5 22. Nxd7 Rxe1+ 23. Rxe1 Qxd7 24. Be5 Re8 25. Bxf6 Rxe1+ 26. Qxe1 gxf6 27. Qe2 Qf5 28. Qe8+ Kg7 29. Qe7+ Kg6 30. Qe8+ Kg7 31. Qe7+ Kg6 32. Qe8+ 1/2-1/2

[Event "2BLN 2324 SK Doppelbauer Turm Kiel II -"]
[Site "?"]
[Date "2023.10.22"]
[Round "2.6"]
[White "Farokhi, Keyvan"]
[Black "Dudzinski, Piotr"]
[Result "1/2-1/2"]
[WhiteElo "2274"]
[BlackElo "2342"]
[PlyCount "125"]
[EventDate "2023.??.??"]

1. d4 d5 2. c4 e6 3. Nc3 Nf6 4. Nf3 Be7 5. g3 O-O 6. Bg2 Nbd7 7. O-O c6 8. Qd3 b6 9. cxd5 cxd5 10. Bf4 a6 11. a4 Bb7 12. Rfc1 Rc8 13. Rc2 Nb8 14. Rac1 Nc6 15. Na2 Bd6 16. e3 Bxf4 17. gxf4 Qd6 18. Ne5 Ne7 19. b4 Rxc2 20. Rxc2 Rc8 21. Bf1 Ne8 22. Rxc8 Bxc8 23. Qc3 Qc7 24. Qxc7 Nxc7 25. Bd3 f6 26. Nf3 Nc6 27. Kf1 a5 28. b5 Ne7 29. Ke2 Ne8 30. Nd2 Nd6 31. f3 Bd7 32. e4 Ng6 33. Ke3 Nh4 34. Bf1 Bc8 35. Nc3 Bb7 36. f5 dxe4 37. fxe4 exf5 38. Nc4 Nc8 39. e5 Kf7 40. exf6 Kxf6 41. d5 Ng6 42. Kd4 Nf8 43. h4 g6 44. Nb1 Nd7 45. Nbd2 Ke7 46. Bh3 Nc5 47. Nxa5 Nd6 48. Nac4 Nxa4 49. Nxd6 Kxd6 50. Nc4+ Ke7 51. Ke5 Nc3 52. d6+ Kf7 53. Nxb6 Nxb5 54. Bf1 Nxd6 55. Kxd6 g5 56. hxg5 Kg6 57. Ke5 Kxg5 58. Bd3 Be4 59. Bxe4 fxe4 60. Kxe4 Kg4 61. Nd5 h5 62. Nf6+ Kg5 63. Nxh5 1/2-1/2

[Event "2BLN 2324 SK Doppelbauer Turm Kiel II -"]
[Site "?"]
[Date "2023.10.22"]
[Round "2.7"]
[White "Szadkowski, Kamil"]
[Black "Ermitsch, Magnus"]
[Result "0-1"]
[WhiteElo "2280"]
[BlackElo "2221"]
[PlyCount "68"]
[EventDate "2023.??.??"]

1. e4 c5 2. Nf3 e6 3. d4 cxd4 4. Nxd4 Nc6 5. Nc3 Qc7 6. Be2 Nf6 7. O-O Be7 8. Be3 a6 9. f4 d6 10. Qe1 Nxd4 11. Bxd4 O-O 12. Qg3 b5 13. a3 Bb7 14. Rae1 Bc6 15. Kh1 Rad8 16. Bd3 Qd7 17. e5 dxe5 18. Bxe5 g6 19. f5 Nh5 20. Qg4 exf5 21. Bxf5 Qb7 22. Bd3 f6 23. Bf4 f5 24. Qh3 Nxf4 25. Rxf4 Bg5 26. Rf2 Rd4 27. Ref1 Kg7 28. Be2 Qc7 29. Qg3 Qxg3 30. hxg3 Be3 31. Rf3 Bxf3 32. Rxf3 Re8 33. Bd3 Bc1 34. b3 Bb2 0-1

[Event "2BLN 2324 SK Doppelbauer Turm Kiel II -"]
[Site "?"]
[Date "2023.10.22"]
[Round "2.8"]
[White "Haug, Havard"]
[Black "Sroczynski, Maciej"]
[Result "1/2-1/2"]
[WhiteElo "2209"]
[BlackElo "2271"]
[PlyCount "122"]
[EventDate "2023.??.??"]

1. e4 c5 2. c3 Nf6 3. e5 Nd5 4. Nf3 d6 5. d4 cxd4 6. cxd4 Nc6 7. Bc4 Nb6 8. Bb5 dxe5 9. Nxe5 Bd7 10. Nc3 e6 11. Bxc6 Bxc6 12. Nxc6 bxc6 13. O-O Be7 14. Be3 O-O 15. Rc1 Rc8 16. Qe2 Nd5 17. Nxd5 cxd5 18. Qa6 Qd7 19. a3 Bd6 20. b4 h6 21. b5 Rc4 22. a4 Rfc8 23. a5 Rb8 24. Rb1 Bb4 25. b6 axb6 26. axb6 Qc6 27. Rfc1 Rxc1+ 28. Rxc1 Qxb6 29. Qe2 Ba3 30. Rd1 Be7 31. g3 Bf6 32. h4 Rc8 33. Kg2 Rc4 34. Qd3 h5 35. Rb1 Qa7 36. Rd1 g6 37. Rd2 Kg7 38. Qe2 Kg8 39. Qd3 Qa1 40. Qb3 Qc3 41. Qb8+ Rc8 42. Qf4 Bg7 43. Ra2 e5 44. dxe5 Bxe5 45. Qf3 d4 46. Bg5 Qc4 47. Ra7 Bg7 48. Rd7 Re8 49. Qd5 Qxd5+ 50. Rxd5 Ra8 51. Kf3 Re8 52. Rd7 Be5 53. Be7 Kg7 54. Kg2 Rc8 55. f4 Rc7 56. Bf6+ Kh7 57. Rxc7 Bxc7 58. Bxd4 Kg8 59. Bf6 Kf8 60. Kf3 Ke8 61. g4 hxg4+ 1/2-1/2

[Event "2BLN 2324 Lübecker SV - SF Berlin"]
[Site "?"]
[Date "2023.10.22"]
[Round "2.1"]
[White "Tomczak, Jacek"]
[Black "Kalinitschew, Sergey"]
[Result "1-0"]
[WhiteElo "2594"]
[BlackElo "2390"]
[PlyCount "61"]
[EventDate "2023.??.??"]

1. e4 d6 2. d4 Nf6 3. Nc3 e5 4. Nf3 exd4 5. Nxd4 Be7 6. g3 O-O 7. Bg2 Re8 8. O-O Bf8 9. Bf4 Nbd7 10. Re1 Nc5 11. h3 a5 12. g4 c6 13. Qd2 Qb6 14. Nb3 a4 15. Nxc5 Qxc5 16. a3 Nd7 17. Be3 Qa5 18. f4 Nb6 19. Qd4 Nd7 20. Bf2 g5 21. Ne2 d5 22. exd5 Bg7 23. Qd3 Nc5 24. Qc4 b6 25. Nc3 Bd7 26. Rxe8+ Rxe8 27. dxc6 Be6 28. Qb4 Qa7 29. f5 Bc8 30. Nd5 Na6 31. Qd2 1-0

[Event "2BLN 2324 Lübecker SV - SF Berlin"]
[Site "?"]
[Date "2023.10.22"]
[Round "2.2"]
[White "Bornholdt, Joa Max"]
[Black "Moranda, Wojciech"]
[Result "0-1"]
[WhiteElo "2269"]
[BlackElo "2559"]
[PlyCount "64"]
[EventDate "2023.??.??"]

1. Nf3 d5 2. c4 d4 3. b4 g5 4. Bb2 Bg7 5. e3 e5 6. exd4 exd4 7. Bd3 g4 8. Qe2+ Kf8 9. Ne5 f6 10. Nxg4 h5 11. Ne3 dxe3 12. O-O Nc6 13. b5 Nb4 14. Ba3 a5 15. Nc3 Ne7 16. Nd5 Nexd5 17. cxd5 exd2 18. Rad1 Qd6 19. Qxd2 Bd7 20. Rb1 Kf7 21. Rxb4 axb4 22. Bxb4 Bh6 23. Qc3 Qe5 24. Qc4 Ra4 25. Bc2 Rxb4 26. Qxb4 Bf8 27. Qd2 Bd6 28. f4 Bc5+ 29. Kh1 Qe3 30. Qa5 b6 31. Qa4 Qe2 32. Rb1 Re8 0-1

[Event "2BLN 2324 Lübecker SV - SF Berlin"]
[Site "?"]
[Date "2023.10.22"]
[Round "2.3"]
[White "Blohberger, Felix"]
[Black "Waldhausen Gordon, Frederick"]
[Result "0-1"]
[WhiteElo "2522"]
[BlackElo "2327"]
[PlyCount "78"]
[EventDate "2023.??.??"]

1. d4 d5 2. c4 e6 3. Nc3 Nf6 4. cxd5 exd5 5. Bg5 c6 6. e3 Be7 7. Bd3 Nbd7 8. h3 a5 9. Bf4 Nf8 10. Nf3 Ng6 11. Bg3 O-O 12. O-O Re8 13. Ne5 Nxe5 14. dxe5 Nd7 15. f4 Qb6 16. Qc2 Qxe3+ 17. Kh2 Nf8 18. Rae1 Qd4 19. Qd1 g6 20. Qf3 f5 21. exf6 Qxf6 22. Re5 Rd8 23. f5 g5 24. Rxe7 Qxe7 25. Re1 Qf7 26. Qg4 h6 27. h4 Nh7 28. hxg5 hxg5 29. Re5 Bd7 30. Ne2 Re8 31. Nd4 Rxe5 32. Bxe5 Qf8 33. Qh5 Qe8 34. Qe2 c5 35. Nf3 Qh5+ 36. Kg1 Re8 37. Bb5 Bxb5 38. Qxb5 g4 39. Qxb7 Qf7 0-1

[Event "2BLN 2324 Lübecker SV - SF Berlin"]
[Site "?"]
[Date "2023.10.22"]
[Round "2.4"]
[White "Krause, Ullrich"]
[Black "Sorensen, Hampus"]
[Result "0-1"]
[WhiteElo "2192"]
[BlackElo "2470"]
[PlyCount "90"]
[EventDate "2023.??.??"]

1. d4 Nf6 2. c4 e6 3. g3 d5 4. Bg2 Bb4+ 5. Bd2 a5 6. a3 Be7 7. Nf3 O-O 8. O-O c6 9. Qc2 Nbd7 10. Bf4 a4 11. Rd1 Qa5 12. Ne5 Nh5 13. Bd2 Qa6 14. e4 dxe4 15. Bxe4 Nhf6 16. Bd3 h6 17. c5 Qa7 18. Nc4 Nd5 19. Nc3 Bf6 20. Be1 b6 21. Nxd5 cxd5 22. Nxb6 Nxb6 23. cxb6 Qxb6 24. Bb4 Re8 25. Bc5 Qc7 26. Bb5 Bd7 27. Bxd7 Qxd7 28. Qd3 Be7 29. Rac1 Reb8 30. Rd2 Bg5 31. f4 Bd8 32. Bb4 Ba5 33. Bxa5 Rxa5 34. Rdc2 Rab5 35. Rc7 Qe8 36. Rc8 Rxc8 37. Rxc8 Qxc8 38. Qxb5 Qc1+ 39. Kf2 Qd2+ 40. Kf3 Qxd4 41. Qe8+ Kh7 42. Qxf7 Qe4+ 43. Kf2 d4 44. g4 d3 45. f5 Qf4+ 0-1

[Event "2BLN 2324 Lübecker SV - SF Berlin"]
[Site "?"]
[Date "2023.10.22"]
[Round "2.5"]
[White "Schmidek, Emil"]
[Black "Lampe, Dirk"]
[Result "1-0"]
[WhiteElo "2433"]
[BlackElo "2153"]
[PlyCount "57"]
[EventDate "2023.??.??"]

1. d4 Nf6 2. c4 g6 3. Nc3 Bg7 4. e4 d6 5. f3 O-O 6. Be3 Nc6 7. Nge2 a6 8. Qd2 Na5 9. Nc1 Nd7 10. Rb1 Nc6 11. d5 Nce5 12. Be2 Nb6 13. b3 f5 14. f4 Ng4 15. Bxg4 fxg4 16. O-O c5 17. Nd3 Rb8 18. Kh1 Nd7 19. f5 Qa5 20. b4 cxb4 21. Ne2 Nc5 22. Nxc5 dxc5 23. fxg6 Bd7 24. Bh6 hxg6 25. Bxg7 Kxg7 26. Qg5 Rfe8 27. Nf4 Qb6 28. Nh5+ Kg8 29. Qh6 1-0

[Event "2BLN 2324 Lübecker SV - SF Berlin"]
[Site "?"]
[Date "2023.10.22"]
[Round "2.6"]
[White "Bosselmann, Tom Linus"]
[Black "Jakubowski, Krzysztof"]
[Result "0-1"]
[WhiteElo "2141"]
[BlackElo "2472"]
[PlyCount "72"]
[EventDate "2023.??.??"]

1. e4 c6 2. Nc3 d5 3. Nf3 Bg4 4. h3 Bxf3 5. Qxf3 e6 6. g3 Nd7 7. Bg2 d4 8. Nb1 Ne5 9. Qh5 Qa5 10. O-O Nf6 11. Qe2 d3 12. cxd3 Qa6 13. f4 Qxd3 14. Qxd3 Nxd3 15. Nc3 Bc5+ 16. Kh2 h5 17. Bf3 O-O-O 18. e5 Ng4+ 19. Kg2 Nxc1 20. Ne4 Rxd2+ 21. Nxd2 Ne3+ 22. Kg1 Nd3 23. Ne4 Nxf1+ 24. Kxf1 Be7 25. Rb1 h4 26. Be2 Nb4 27. Kg2 Nd5 28. Bg4 Kc7 29. b4 hxg3 30. Kxg3 Bxb4 31. Ng5 Bd2 32. Nxf7 Bxf4+ 33. Kf3 Rf8 34. Bxe6 Bxe5 35. Rg1 Nf4 36. Ke4 Bd4 0-1

[Event "2BLN 2324 Lübecker SV - SF Berlin"]
[Site "?"]
[Date "2023.10.22"]
[Round "2.7"]
[White "Seyb, Alexander"]
[Black "Malinowsky, Levi"]
[Result "1/2-1/2"]
[WhiteElo "2438"]
[BlackElo "2151"]
[PlyCount "23"]
[EventDate "2023.??.??"]

1. e4 c5 2. Nf3 d6 3. d4 cxd4 4. Nxd4 Nf6 5. Nc3 a6 6. Be2 e5 7. Nb3 Be7 8. Be3 Be6 9. Qd3 Nc6 10. a3 d5 11. exd5 Nxd5 12. Nxd5 1/2-1/2

[Event "2BLN 2324 Lübecker SV - SF Berlin"]
[Site "?"]
[Date "2023.10.22"]
[Round "2.8"]
[White "Ehrke, Michael"]
[Black "Morgunov, Marc"]
[Result "1/2-1/2"]
[WhiteElo "2156"]
[BlackElo "2379"]
[PlyCount "67"]
[EventDate "2023.??.??"]

1. d4 Nf6 2. Nf3 g6 3. Bf4 Bg7 4. e3 O-O 5. h3 d6 6. Be2 c5 7. O-O Qb6 8. Nbd2 Be6 9. Ng5 Bd7 10. Nc4 Qc7 11. a4 cxd4 12. exd4 Bc6 13. Ne3 e5 14. dxe5 dxe5 15. Bh2 Nbd7 16. Bf3 Rad8 17. Qe2 h6 18. Bxc6 Qxc6 19. Nf3 Nd5 20. Nxd5 Qxd5 21. Rfd1 Qe6 22. Qb5 b6 23. a5 Nc5 24. axb6 axb6 25. Nd2 Qf5 26. Nc4 Qxc2 27. Rxd8 Rxd8 28. Bxe5 Ne4 29. Qxb6 Rd1+ 30. Rxd1 Qxd1+ 31. Kh2 Bxe5+ 32. Nxe5 Nd2 33. g3 Qe2 34. Ng4 1/2-1/2

[Event "2BLN 2324 Lübecker SV - SK Zehlendorf"]
[Site "?"]
[Date "2023.12.02"]
[Round "3.1"]
[White "Baskin, Robert"]
[Black "Kalinitschew, Sergey"]
[Result "1/2-1/2"]
[WhiteElo "2472"]
[BlackElo "2389"]
[PlyCount "125"]
[EventDate "2023.??.??"]

1. e4 c5 2. Nf3 Nc6 3. d4 cxd4 4. Nxd4 e5 5. Nb5 d6 6. N1c3 a6 7. Na3 Be6 8. Nc4 Rb8 9. Nd5 b5 10. Nce3 Nf6 11. Bd3 Be7 12. a4 O-O 13. O-O Qd7 14. axb5 axb5 15. Bd2 Bd8 16. b3 Re8 17. Kh1 Bxd5 18. exd5 Ne7 19. c4 bxc4 20. bxc4 Bb6 21. Bc2 Qc7 22. Rc1 Ra8 23. Ng4 Nxg4 24. Qxg4 Qc8 25. Qh4 Ng6 26. Qe4 Ra2 27. Be1 Rf8 28. g4 Bc5 29. Bb1 Ra3 30. f3 Qd8 31. Qf5 Qf6 32. Qxf6 gxf6 33. Bd2 Rb8 34. Be4 Ra2 35. Bh6 Rbb2 36. Rc2 Rxc2 37. Bxc2 Nf4 38. Rb1 Ra8 39. h4 Be3 40. Rb3 Bf2 41. h5 Bh4 42. Rb6 Rd8 43. Rb7 Bg3 44. Bf5 Bf2 45. Bxf4 exf4 46. Kg2 Bc5 47. h6 Re8 48. Kh3 Bf2 49. Rd7 Bc5 50. Kh4 Kf8 51. Bxh7 Re1 52. g5 Rh1+ 53. Kg4 Rg1+ 54. Kxf4 fxg5+ 55. Kf5 Rg3 56. f4 gxf4 57. Kxf4 Rh3 58. Kg5 Be3+ 59. Kg4 Rxh6 60. Bf5 Kg7 61. Be6 Rf6 62. Rxd6 fxe6 63. Rxe6 1/2-1/2

[Event "2BLN 2324 Lübecker SV - SK Zehlendorf"]
[Site "?"]
[Date "2023.12.02"]
[Round "3.2"]
[White "Bornholdt, Joa Max"]
[Black "Lagunow, Raphael"]
[Result "1-0"]
[WhiteElo "2260"]
[BlackElo "2420"]
[PlyCount "81"]
[EventDate "2023.??.??"]

1. c3 d5 2. d4 Nf6 3. Nf3 e6 4. Bg5 c5 5. e3 h6 6. Bh4 Nc6 7. Nbd2 Be7 8. Bd3 O-O 9. O-O g5 10. Bg3 Nh5 11. dxc5 Nxg3 12. hxg3 Bxc5 13. b4 Bd6 14. e4 Ne5 15. Bc2 Qf6 16. Nd4 Nc6 17. N2f3 Nxd4 18. Nxd4 dxe4 19. Bxe4 Be5 20. Qe2 Rb8 21. Rad1 Bxd4 22. Rxd4 e5 23. Rd2 Be6 24. c4 b6 25. c5 bxc5 26. bxc5 Qe7 27. Rc1 Rfd8 28. c6 Qc7 29. Rxd8+ Rxd8 30. Rb1 f5 31. Qh5 Qf7 32. Qxh6 Rc8 33. Rb7 fxe4 34. Qxg5+ Kf8 35. Rxf7+ Kxf7 36. Qxe5 Rxc6 37. Qxe4 Rd6 38. Qh7+ Kf6 39. Qxa7 Rd1+ 40. Kh2 Rd2 41. a3 1-0

[Event "2BLN 2324 Lübecker SV - SK Zehlendorf"]
[Site "?"]
[Date "2023.12.02"]
[Round "3.3"]
[White "Sawlin, Leonid"]
[Black "Waldhausen Gordon, Frederick"]
[Result "0-1"]
[WhiteElo "2414"]
[BlackElo "2338"]
[PlyCount "140"]
[EventDate "2023.??.??"]

1. e4 c5 2. Nf3 Nc6 3. d4 cxd4 4. Nxd4 Nf6 5. Nc3 e5 6. Ndb5 d6 7. Bg5 a6 8. Na3 b5 9. Nd5 Be7 10. Bxf6 Bxf6 11. c3 O-O 12. Nc2 Rb8 13. g3 Be6 14. Bg2 Bg5 15. O-O Bh6 16. Nde3 Bxe3 17. Nxe3 Ne7 18. Qh5 Qb6 19. Rfd1 Rfd8 20. Bh3 Bxh3 21. Qxh3 Qc6 22. Qh4 f6 23. Rd2 Qd7 24. Qh5 Qe6 25. Qd1 g6 26. Qb3 Kf7 27. f4 exf4 28. Qxe6+ Kxe6 29. gxf4 f5 30. exf5+ Nxf5 31. Nd5 Rdc8 32. a4 a5 33. Kf2 Rc5 34. b3 Rc6 35. axb5 Rxb5 36. Re2+ Kd7 37. Rd2 Ke6 38. Rb1 Kf7 39. Rbb2 Ne7 40. c4 Rb7 41. Nc3 Rb4 42. Na4 Nc8 43. Nc3 Ne7 44. Re2 Nf5 45. Nd5 Rb7 46. Re4 Rc8 47. Nc3 Kg7 48. Ke2 Ra8 49. Nb5 a4 50. Ra2 d5 51. Re5 axb3 52. Rxa8 Rxb5 53. Ra1 dxc4 54. Kd2 Rb6 55. Kc3 Nd6 56. Kb2 Rb4 57. Ra7+ Kh6 58. Ree7 Kh5 59. h3 h6 60. Re3 Ne4 61. Ra5+ Kh4 62. Rxe4 c3+ 63. Kxc3 Rxe4 64. Ra6 Rxf4 65. Rxg6 Rf3+ 66. Kd2 h5 67. Ke2 Rxh3 68. Rg1 b2 69. Rb1 Rb3 70. Kf2 Kg4 0-1

[Event "2BLN 2324 Lübecker SV - SK Zehlendorf"]
[Site "?"]
[Date "2023.12.02"]
[Round "3.4"]
[White "Krause, Ullrich"]
[Black "Brodowski, Piotr"]
[Result "0-1"]
[WhiteElo "2193"]
[BlackElo "2441"]
[PlyCount "68"]
[EventDate "2023.??.??"]

1. d4 Nf6 2. c4 e6 3. g3 c5 4. d5 exd5 5. cxd5 d6 6. Nc3 g6 7. Bg2 Bg7 8. Nf3 O-O 9. O-O a6 10. a4 Nbd7 11. Bf4 Qe7 12. Qd2 Ng4 13. Rab1 Re8 14. Rfe1 Nge5 15. b3 Qf8 16. h3 h6 17. e4 Nxf3+ 18. Bxf3 g5 19. Be3 Ne5 20. Bg2 Bxh3 21. f4 Bxg2 22. Kxg2 gxf4 23. gxf4 Ng4 24. e5 dxe5 25. f5 e4 26. Bf4 e3 27. Qc2 Rad8 28. Kf3 Ne5+ 29. Bxe5 Rxe5 30. Re2 Qe7 31. Rg1 Qf6 32. Kf4 Kh7 33. Rh2 Rde8 34. Rh5 e2 0-1

[Event "2BLN 2324 Lübecker SV - SK Zehlendorf"]
[Site "?"]
[Date "2023.12.02"]
[Round "3.5"]
[White "Stachowiak, Kamil"]
[Black "Lampe, Dirk"]
[Result "1/2-1/2"]
[WhiteElo "2435"]
[BlackElo "2155"]
[PlyCount "54"]
[EventDate "2023.??.??"]

1. d4 Nf6 2. Nf3 g6 3. g3 Bg7 4. Bg2 O-O 5. O-O d6 6. c4 Nc6 7. Nc3 e5 8. d5 Nb8 9. e4 Nbd7 10. Ne1 Qe7 11. Rb1 a5 12. a3 c5 13. dxc6 bxc6 14. Na4 Ba6 15. b3 d5 16. exd5 cxd5 17. Bxd5 Nxd5 18. Qxd5 Rab8 19. Nc3 a4 20. Qa5 Qd6 21. Nb5 Qc6 22. bxa4 Bb7 23. f3 e4 24. Bf4 exf3 25. Nxf3 Ne5 26. Nbd4 Nxf3+ 27. Nxf3 Rbc8 1/2-1/2

[Event "2BLN 2324 Lübecker SV - SK Zehlendorf"]
[Site "?"]
[Date "2023.12.02"]
[Round "3.6"]
[White "Bosselmann, Tom Linus"]
[Black "Luch, Michal"]
[Result "0-1"]
[WhiteElo "2118"]
[BlackElo "2337"]
[PlyCount "52"]
[EventDate "2023.??.??"]

1. e4 c5 2. Nf3 e6 3. d4 cxd4 4. Nxd4 Nc6 5. Nc3 Qc7 6. g3 a6 7. Bg2 h5 8. Nb3 h4 9. a4 Ne5 10. f4 Nc4 11. Qd4 hxg3 12. hxg3 Rxh1+ 13. Bxh1 d6 14. Bf3 Bd7 15. Be2 Rc8 16. f5 Nf6 17. g4 d5 18. fxe6 Qg3+ 19. Qf2 Qxf2+ 20. Kxf2 Bxe6 21. exd5 Nxd5 22. Nxd5 Bxd5 23. Bd3 Ne5 24. Bf5 Be6 25. Nd4 Bc5 26. c3 Bxf5 0-1

[Event "2BLN 2324 Lübecker SV - SK Zehlendorf"]
[Site "?"]
[Date "2023.12.02"]
[Round "3.7"]
[White "Meister, Jakob"]
[Black "Malinowsky, Levi"]
[Result "1/2-1/2"]
[WhiteElo "2428"]
[BlackElo "2046"]
[PlyCount "49"]
[EventDate "2023.??.??"]

1. c4 c5 2. Nc3 Nf6 3. Nf3 Nc6 4. g3 d5 5. cxd5 Nxd5 6. Bg2 Nc7 7. a3 g6 8. b4 cxb4 9. axb4 Nxb4 10. Qa4+ Nc6 11. Ne5 Bd7 12. Nxd7 Qxd7 13. Rb1 Nd8 14. Bxb7 Nxb7 15. Rxb7 Qxa4 16. Nxa4 Ne6 17. Bb2 Bg7 18. Bxg7 Nxg7 19. O-O Nf5 20. Rfb1 O-O 21. e4 Nd4 22. Rxe7 Nf3+ 23. Kg2 Nxd2 24. Rbb7 Rae8 25. Rxa7 1/2-1/2

[Event "2BLN 2324 Lübecker SV - SK Zehlendorf"]
[Site "?"]
[Date "2023.12.02"]
[Round "3.8"]
[White "Sommer, Justus"]
[Black "Lagunow, Alexander"]
[Result "1/2-1/2"]
[WhiteElo "2108"]
[BlackElo "2355"]
[PlyCount "88"]
[EventDate "2023.??.??"]

1. e4 c5 2. Nf3 d6 3. Bb5+ Nd7 4. d4 cxd4 5. Qxd4 a6 6. Bxd7+ Bxd7 7. Nc3 e5 8. Qd3 h6 9. Nd2 Nf6 10. Nc4 Be6 11. Ne3 Rc8 12. O-O Qc7 13. Bd2 Be7 14. Rac1 b5 15. b3 Qb7 16. Rfd1 O-O 17. Ncd5 Nxd5 18. Nxd5 Bxd5 19. exd5 f5 20. f3 Bd8 21. c4 Bb6+ 22. Kh1 Qd7 23. Re1 Bd4 24. Be3 bxc4 25. bxc4 Bxe3 26. Rxe3 Rc5 27. Re2 Rb8 28. h3 a5 29. Kh2 Kh8 30. Kh1 Rb4 31. Rec2 Qf7 32. Kh2 Qf6 33. a3 Rb8 34. Rf1 a4 35. Rfc1 Qg5 36. Rc3 Qf4+ 37. g3 Qg5 38. h4 Qf6 39. Kh3 Re8 40. Qc2 e4 41. Qxa4 Re7 42. Qd1 e3 43. Qd3 f4 44. Re1 Rc8 1/2-1/2